00689nam a2200193 a 450000500170000000800410001704000270005804100080008504400070009310000180010024500760011826000520019430000170024665000580026365000420032165000530036365000470041666200320046320160206102344.0140311b2002 ck ||||| |||| 00| 0 spa d aCO-BoIAVH cCO-BoIAVH  aspa ack1 aRoa, Carolina10aAnimales y el bosque :bde nuestro municipio Encino Santander, Colombia aBogotá:bFundación Natura Colombia, c2002. a32 páginas14aEducación ambientalvcartillasxliteratura infantil1 aFaunavcartillasxliteratura infantil14aBosques de roblevcartillasxliteratura infantil14aRobledalesvcartillasxliteratura infantil aColombiadEncinobSantander